| 000 | 00988nam a2200277 i 4500 | ||
|---|---|---|---|
| 001 | 169540 | ||
| 003 | ES-MaACL | ||
| 005 | 20250827062636.0 | ||
| 008 | 081009s2008 sp l |||| | spa d | ||
| 020 | _a978-84-309-4741-6 | ||
| 080 | _a342.9(460)"19/20"(094.5) | ||
| 110 | 1 |
_aEspaña _93622 |
|
| 243 | 1 | 0 | _aLeyes, etc., de administración pública |
| 245 | 1 | 0 |
_aLegislación administrativa / _cedición preparada por Jesús Leguina Villa ... [et al.]. |
| 250 | _a11ª ed. (actualizada, sept. 2008). | ||
| 260 |
_aMadrid : _bTecnos, _c2008. |
||
| 300 |
_a1898 p. ; _c17 cm. |
||
| 490 | 1 |
_aBiblioteca de textos legales ; _v192 |
|
| 500 | _aÍndice. | ||
| 650 | 7 |
_aDerecho administrativo- _zEspaña _2 _9145992 |
|
| 700 | 1 |
_aLeguina Villa, Jesús. _971314 |
|
| 830 | 0 |
_aBiblioteca de textos legales ; _v192 _9177271 |
|
| 852 |
_aES-MaACL _jA-15302 _9176193 _bR.143967 _cDEPO1 _dOlim: L 351.95(460) "2008" ESP _dOlim: Meseton |
||
| 942 | _2udc | ||
| 999 |
_c169540 _d169540 |
||